000 004310000a22001690004500
003 MACL
005 20160106174557.0
008 160106b xxu||||| |||| 00| 0 eng d
040 _aMACL
_cMACL
041 _aEnglish
082 _a823/MAR
100 _aMarkham, Clements R
_929092
245 _aThe Paladins of Edwin The Great
260 _bAdam & Charles Black
_c1908
_aLondon
650 _aNovel
_9153
942 _cBK
_k823/Mar
_2ddc
999 _c36575
_d36575